000 00626nam a2200217 a 4500
005 20210223132348.0
008 140520s1986 mx r 000 0 spa d
020 _a8426121373
035 _aUPN01000197347
049 _aI
050 4 _aPZ73
_bA4.3
100 1 _aAlcántara, Ricardo,
_d1946-
_930578
245 1 0 _aBetania /
_cRicardo Alcántara ; il. Irene Bordoy.
260 _aBarcelona, Esp. :
_bJuventud,
_c1986.
300 _a[28] p. :
_bprincipalmente il. col.
440 0 _aCuadrada
650 4 _aCUENTOS INFANTILES URUGUAYOS
_911547
700 1 _aBordoy, Irene,
_eil.
905 _aInfantil
999 _c169448
_d169448